Let us C / (Record no. 37903)

MARC details
000 -LEADER
fixed length control field 00736nam a22002297a 4500
005 - DATE AND TIME OF LATEST TRANSACTION
control field 20100727123640.0
010 ## - LCCN (DPL NO)
LC control number ENG-97185
020 ## - INTERNATIONAL STANDARD BOOK NUMBER
International Standard Book Number 9788183331630
Terms of availability 240.00
020 ## - INTERNATIONAL STANDARD BOOK NUMBER
International Standard Book Number 8183331637
035 ## - SYSTEM CONTROL NUMBER
System control number EN-80718
037 ## - SOURCE OF ACQUISITION
Source of stock number/acquisition DBAD/PUB
082 ## - DEWEY DECIMAL CLASSIFICATION NUMBER
Classification number 005.13
100 ## - MAIN ENTRY--PERSONAL NAME
Personal name Kanetkar P Yashavant
245 ## - TITLE STATEMENT
Title Let us C /
Statement of responsibility, etc by Yashavant P Kanetkar
250 ## - EDITION STATEMENT
Edition statement 9th ed
260 ## - PUBLICATION, DISTRIBUTION, ETC. (IMPRINT)
Place of publication, distribution, etc New Delhi
Name of publisher, distributor, etc BPB publications
Date of publication, distribution, etc 2009
270 ## - ADDRESS
Address B-14, Connaught Place
Postal code 110001
300 ## - PHYSICAL DESCRIPTION
Extent xix,758 p.
Dimensions 21 cm.(pbk)
500 ## - GENERAL NOTE
General note inculdes index
942 ## - ADDED ENTRY ELEMENTS (KOHA)
Source of classification or shelving scheme Dewey Decimal Classification
Item type English Books
Classification part 005.13
Call number suffix KAN
Holdings
Withdrawn status Lost status Not for loan Collection code Home library Current library Date acquired Source of acquisition Cost, normal purchase price Full call number Barcode Copy number Cost, replacement price Koha item type
    Not For Loan Non-fiction D.B.Act.Division D.B.Act.Division 27/07/2010 DBAD/PUB 240.00 005.13 KAN EN-80718 1 240.00 English Books

© Delhi Public Library
Hit Counter
free hit counter